000 00317nam a22001457a 4500
003 OSt
005 20210928113154.0
008 210928b |||||||| |||| 00| 0 eng d
040 _cHU
082 _a540/CHA
100 _aREYMOND
_qCHANG REYMOND
_97598
245 _aCHEEMISTRY
300 _a1085
942 _2ddc
_cBOOKS
_n0
999 _c7141
_d7141